000 00730nam a2200229Ii 4500
003 JO-AjNU
008 230606s9999||||xx |||||||||||||| ||und||
020 _a0-415-26644-0
040 _aJO-AjNU
_beng
_erda
_cJO-AjNU
041 _aeng
050 1 4 _aTS183.M59 2002
100 3 _aChong, Ken/Sunil saigal, Stefan Thynell.Harold Morgan,
_eauthor
_95147
245 0 0 _aModeling and Simulation -Based life cycle Engineering
250 _a1 ed
264 3 1 _aLondon:spon press, 2002
300 _a346p
336 _atext
_btxt
_2rdacontent
337 _aunmediated
_bn
_2rdamedia
338 _avolume
_bnc
_2rdacarrier
490 0 _astructural engineering
650 4 _aModeling and Simulation -Based life cycle Engineering
_95148
999 _aE2661
_c2659
_d2659